01700nam a2200469 i 450000100060000000300080000600500170001400600190003100700150005000800410006502000180010602000270012403500230015103500240017403500250019803500210022304000310024405000270027508000100030208200150031210000160032724500740034326400400041730000410045733600310049833700330052933800430056249000190060550000230062450400290064758801290067659001640080565000290096965000270099865000280102565000320105365500270108579700190111283000200113185600620115199900170121399211FlNmELB20241217172823.0m o d | cr cnu||||||||150901s2014 sp ob 001 0 spa d z9788490644928 a9788490645789 (e-book) a(MiAaPQ)EBC3430029 a(Au-PeEL)EBL3430029 a(CaPaEBR)ebr11087172 a(OCoLC)949144308 aFINmELBbspaerdacFINmELB 4aHF5549.5.I6bA662 2014 a65.010 a650.142231 aAran, Gina.10aComunicación persuasiva en las entrevistas de trabajo /cGina Aran. 1aBarcelona :bEditorial UOC,c[2014] a1 recurso en línea (110 páginas) atextobtxt2rdacontent/spa acomputadorabc2rdamedia/spa arecurso en líneabcr2rdacarrier/spa1 aComunicación aContiene índice. aContiene bibliografía. aDescripción basada en recurso en línea; Título de la página del título en PDF (e-libro, visto September 01, 2015). aRecurso electrónico. Santa Fe, Arg.: e-libro, 2015. Disponible vía World Wide Web. El acceso puede estar limitado para las bibliotecas afiliadas a e-libro. 0aEmployment interviewing. 4aEntrevistas de empleo. 0aPersuasion (Psychology) 4aPersuasión (Psicología) 4aLibros electrónicos.2 ae-libro, Corp. 0aComunicación.40uhttps://elibro.net/ereader/politecnicointernacional/57800 c99211d99211